Statistics for Commonly Misspelled Words #1

Click here to take the quiz!

General Stats

  • This quiz has been taken 91,072 times
    (69,163 since last reset)
  • The average score is 17 of 27

Answer Stats

IncorrectCorrect% Correct
AtheleteAthlete
98%
CatagoryCategory
91%
FourtyForty
88%
OccassionalyOccasionally
86%
IndependantIndependent
84%
GrammerGrammar
83%
SophmoreSophomore
78%
LabratoryLaboratory
77%
PriviledgePrivilege
75%
AbsorbantAbsorbent
73%
PilgramagePilgrimage
73%
CemetaryCemetery
69%
HygenicHygienic
66%
CamoflageCamouflage
64%
NoticableNoticeable
64%
CelciusCelsius
61%
HallalujaHallelujah
60%
IndespensibleIndispensable
51%
OddessyOdyssey
51%
SummersaltSomersault
46%
AquitAcquit
45%
MischeviousMischievous
43%
ParaphenaliaParaphernalia
35%
PerogativePrerogative
35%
BellweatherBellwether
28%
DaqueriDaiquiri
20%
YamakaYarmulke
13%

Score Distribution

Percentile by Number Answered

Percent of People with Each Score

Your Score History

You have not taken this quiz since the last reset